| 000 | 01006nam a22002417a 4500 | ||
|---|---|---|---|
| 005 | 20240530110507.0 | ||
| 008 | 151012s2010 ua g b 000 0 ara d | ||
| 017 |
_a17101 _bمصر . دار الكتب المصرية |
||
| 020 | _a9789773143759 | ||
| 040 | _aEG-CaGPL | ||
| 082 | 0 | 4 |
_221 _a212.3\ _bم و |
| 100 | 0 | _aمحمد بن على الانصارى الحنفى | |
| 245 | 1 | 2 |
_aالوصف الذميم فى فعل اللئيم / _cتاليف محمد بن على الانصارى الحنفى ؛ دراسة و تحقيق محمد بن عبدالله باجوده |
| 250 | _aط1 | ||
| 260 |
_aالقاهرة : _bمكتبة زهراء الشرق ، _c2010 . |
||
| 300 |
_a113 ص ؛ _c24 سم . |
||
| 504 | _aيشتمل على ارجاعات ببليوجرافية | ||
| 650 | 0 | 4 | _aالوعظ و الارشاد |
| 650 | 0 | 4 | _aالاخلاق الاسلامية |
| 700 |
_aمحمد بن عبدالله باجوده _dمحقق |
||
| 942 |
_2ddc _cBK |
||
| 999 |
_c61582 _d61582 |
||